书目信息 |
| 题名: |
保护地蔬菜病虫害无公害防治
|
|
| 作者: | 王就光 , 周国珍 编著 | |
| 分册: | ||
| 出版信息: | 北京 中国农业出版社 2003 |
|
| 页数: | 10,182页 | |
| 开本: | 21cm | |
| 丛书名: | ||
| 单 册: | ||
| 中图分类: | S436.3 | |
| 科图分类: | ||
| 主题词: | 蔬菜--无污染技术--保护地栽培--病虫害防治方法 , 蔬菜 , 无污染技术 , 保护地栽培 , 病虫害防治方法 | |
| 电子资源: | ||
| ISBN: | 7-109-07471-4 | |
| 000 | 00957nam0 2200277 450 | |
| 001 | 1572879634 | |
| 005 | 20150129201524.02 | |
| 010 | @a7-109-07471-4@dCNY32.00 | |
| 100 | @a20030414d2003 em y0chiy0110 ea | |
| 101 | 0 | @achi |
| 102 | @aCN@b110000 | |
| 105 | @aa z 000yy | |
| 200 | 1 | @a保护地蔬菜病虫害无公害防治@9bao hu di shu cai bing chong hai wu gong hai fang zhi@e彩图版@f王就光,周国珍编著 |
| 210 | @a北京@c中国农业出版社@d2003 | |
| 215 | @a10,182页@c彩图@d21cm | |
| 330 | @a本书首先介绍南方保护地的生态环境条件与病虫害发生特点,再分述蔬菜苗期与成株期病虫害种类、发生规律和防治方法。 | |
| 606 | 0 | @a蔬菜@x无污染技术@x保护地栽培@x病虫害防治方法 |
| 606 | 0 | @a蔬菜 |
| 606 | 0 | @a无污染技术 |
| 606 | 0 | @a保护地栽培 |
| 606 | 0 | @a病虫害防治方法 |
| 690 | @aS436.3@v5 | |
| 701 | 0 | @a王就光@9wang jiu guang@f(1919.2~)@4编著 |
| 701 | 0 | @a周国珍@9zhou guo zhen@c(高级农艺师)@4编著 |
| 801 | 0 | @aCN@bTSSF@c20150129 |
| 905 | @aZUCC@dS436.3@eJY66 | |
| 保护地蔬菜病虫害无公害防治:彩图版/王就光,周国珍编著.-北京:中国农业出版社,2003 |
| 10,182页:彩图;21cm |
| ISBN 7-109-07471-4:CNY32.00 |
| 本书首先介绍南方保护地的生态环境条件与病虫害发生特点,再分述蔬菜苗期与成株期病虫害种类、发生规律和防治方法。 |
| ● |
| 相关链接 |
|
|
|
|
正题名:保护地蔬菜病虫害无公害防治
索取号:S436.3/JY66
 
预约/预借
| 序号 | 登录号 | 条形码 | 馆藏地/架位号 | 状态 | 备注 |
| 1 | 7862075 | 278620752 | 学院路分馆/ [索取号:S436.3/JY66] | 在馆 | |
| 2 | 7862076 | 278620761 | 学院路分馆/ [索取号:S436.3/JY66] | 在馆 |